[Event "Challenge"]
[Site "http://www.queenalice.com/game.php?id=318651"]
[Date "2007.12.11"]
[Round "-"]
[White "Tiagoviegas"]
[Black "charles31"]
[Result "0-1"]
[WhiteElo "1687"]
[BlackElo "1794"]

1. e4 e5 2. Qh5 d6 3. Bc4 Qf6 4. d3 Be6 5. Bg5 Qg6 6. Qxg6 hxg6 7. Nf3 Bxc4 8.
dxc4 f6 9. Bd2 f5 10. exf5 gxf5 11. Nc3 f4 12. Nd5 Na6 13. b4 Ne7 14. b5 Nc5 15.
Nxc7+ Kd7 16. Nxa8 Ng6 17. b6 a6 18. Nc7 Ne7 19. Bb4 Ne4 20. O-O Nc6 21. Rfe1
Nf6 22. Bc3 Rh6 23. g3 fxg3 24. fxg3 Ne8 25. Nxe8 Kxe8 26. Bd2 Rf6 27. Ng5 Be7
28. Nh7 Rf7 29. Bg5 Bxg5 30. Nxg5 Rf5 31. h4 Nd4 32. Re4 Ke7 33. Rf1 g6 34. Rxf5
gxf5 35. Re1 Nxc2 36. Rc1 Nd4 37. h5 Kf6 38. Nh3 Ne2+ 39. Kf2 Nxc1 40. a4 Nd3+
41. Kg2 e4 42. Nf4 Ne5 43. Nd5+ Kg5 44. Nc7 Nxc4 45. a5 Nxa5 46. Ne8 d5 47. Kf2
Kxh5 48. Nd6 d4 49. Nxf5 Nc6 50. Nd6 Kg4 51. Nxb7 e3+ 52. Ke2 Kxg3 53. Nc5 a5
54. b7 Kf4 55. Ne6+ Ke5 56. Nd8 Nb8 57. Nf7+ Kd5 58. Kd3 a4 59. Ng5 a3 60. Kc2
e2 61. Nf3 Ke4 62. Ne1 Ke3 63. Ng2+ Kf2 64. Nf4 e1=Q 65. Nd3+ Ke2 66. Nxe1 Kxe1
67. Kb3 d3 68. Kxa3 d2 69. Kb4 d1=Q 70. Kb5 Qd6 71. Kc4 Ke2 72. Kc3 Qd3+ 73. Kb4
Nd7 74. Ka4 Qc3 75. Kb5 Qc5+ 76. Ka4 Qb6 77. b8=B Qxb8 78. Ka5 Kd2 79. Ka4 Kc3
80. Ka3 Qb3# 0-1

[Event "Challenge"]
[Site "http://www.queenalice.com/game.php?id=319506"]
[Date "2007.12.13"]
[Round "-"]
[White "Tiagoviegas"]
[Black "toomlee"]
[Result "1-0"]
[WhiteElo "1685"]
[BlackElo "1553"]

1. e4 d5 2. d3 e6 3. Nc3 d4 4. Na4 Qd7 5. b3 Qc6 6. Nf3 b5 7. Nb2 Nd7 8. Nxd4
Qb6 9. c4 Qxd4 10. cxb5 Ne5 11. Qc2 Bb4+ 12. Bd2 Ba3 13. Bc3 Qc5 14. d4 Qxb5 15.
Bxb5+ c6 16. dxe5 cxb5 17. Bd4 Ne7 18. Nd3 O-O 19. Bc5 Bxc5 20. Qxc5 Ng6 21.
Qxb5 a6 22. Qc6 Rb8 23. O-O Ne7 24. Qd6 Rb7 25. Nc5 Ra7 26. Qb6 Ra8 27. Rad1 g6
28. Rd8 Rxd8 29. Qxd8+ Kg7 30. Qxe7 a5 31. Qf6+ Kf8 32. Rd1 Ba6 33. Rd8+ Rxd8
34. Qxd8+ Kg7 35. Nxa6 f5 36. exf5 gxf5 37. Nc5 f4 38. Nxe6+ Kg6 39. Qxa5 Kf5
40. Nd4+ Ke4 41. Nf3 h6 42. e6 h5 43. e7 Kd3 44. e8=Q Kc2 45. Qd2+ Kb1 46. Qee1#
1-0

[Event "Move 3"]
[Site "http://www.queenalice.com/game.php?id=319671"]
[Date "2007.12.13"]
[Round "-"]
[White "toomlee"]
[Black "Tiagoviegas"]
[Result "0-1"]
[WhiteElo "1585"]
[BlackElo "1696"]

1. e4 e5 2. Nf3 Qf6 3. d4 d6 4. dxe5 dxe5 5. Nc3 Bg4 6. Be2 Bc5 7. Nd5 Qd8 8.
Nxe5 Bxe2 9. Qxe2 c6 10. Nc3 f6 11. Nd3 Bb4 12. a3 Bxc3+ 13. bxc3 Ne7 14. O-O
O-O 15. Nf4 Qd6 16. Be3 Qe5 17. f3 Qxc3 18. Ne6 Rf7 19. Nc7 Ng6 20. Nxa8 f5 21.
Rad1 Qf6 22. Bxa7 Nf4 23. Qf2 Qg6 24. Rd8+ Rf8 25. Rxf8+ Kxf8 26. Bxb8 Nh3+ 27.
Kh1 Nxf2+ 28. Rxf2 Qe8 29. Bd6+ Kf7 30. Nb6 Qe6 31. e5 Qa2 32. Kg1 Qb1+ 33. Rf1
Qxb6+ 34. Kh1 Qb5 35. Re1 Ke6 36. Bf8 g6 37. h3 Qb2 38. c4 Qc3 39. Rf1 Qxc4 40.
g4 Qxf1+ 41. Kh2 Qxf3 42. a4 f4 43. Kg1 Qe2 44. Bc5 f3 45. Bf2 Qd1+ 46. Kh2 Qf1
47. Kg3 g5 48. Kxf3 Qxh3+ 49. Ke2 Qxg4+ 50. Kf1 h5 51. a5 h4 52. Bg1 Kxe5 53.
Bh2+ Ke4 54. Bg1 Kd3 55. Bf2 c5 56. Bxc5 h3 57. Bd6 Qg2+ 58. Ke1 Qg1# 0-1

[Event "Move 1"]
[Site "http://www.queenalice.com/game.php?id=320707"]
[Date "2007.12.15"]
[Round "-"]
[White "Tiagoviegas"]
[Black "toomlee"]
[Result "0-1"]
[WhiteElo "1708"]
[BlackElo "1578"]

1. e4 e5 2. Qf3 Nf6 3. Bc4 g6 4. d3 Bg7 5. Bg5 O-O 6. Bxf6 Bxf6 7. Ne2 a6 8. Qe3
Nc6 9. Nec3 Nb4 10. Bb3 d6 11. Nd5 Nxd5 12. exd5 e4 13. dxe4 Bxb2 14. O-O Bxa1
15. c3 c6 16. Nd2 Bb2 17. Nb1 cxd5 18. Bxd5 Be6 19. Bxb7 Rb8 20. Bxa6 Bxa2 21.
Nd2 Ba3 22. Ra1 Bc5 23. Qf3 Be6 24. g3 Ra8 25. c4 Qb6 26. e5 Rxa6 27. Rb1 Qa5
28. Ne4 Qa2 29. Rd1 Ra3 30. Qf4 f5 31. Nf6+ Kf7 32. Nxh7 Rb8 33. Ng5+ Ke7 34.
Qh4 Qxf2+ 35. Kh1 Qc2 36. Re1 Rb1 37. Qh7+ Ke8 38. Nf3 Rxe1+ 39. Nxe1 Ra1 40.
Qh8+ Kd7 41. Qg7+ Kc6 42. exd6 Rxe1# 0-1

[Event "Challenge"]
[Site "http://www.queenalice.com/game.php?id=321999"]
[Date "2007.12.18"]
[Round "-"]
[White "Mike36bh"]
[Black "Tiagoviegas"]
[Result "1-0"]
[WhiteElo "1661"]
[BlackElo "1675"]

1. d4 e6 2. e4 Qh4 3. Nc3 Bb4 4. Nf3 Qxe4+ 5. Be2 Bxc3+ 6. bxc3 Qg4 7. O-O Nf6
8. Ne5 Qe4 9. Bf3 Qf5 10. Ba3 d6 11. Ng4 Nxg4 12. Bxg4 Qg5 13. Bc1 Qa5 14. Bd2
O-O 15. c4 Qa4 16. Be2 d5 17. cxd5 exd5 18. Be3 Nc6 19. c3 Qa3 20. Qd2 Bf5 21.
Bd3 Ne7 22. Bxf5 Nxf5 23. Bf4 c5 24. dxc5 Qxc5 25. Qd3 Nh4 26. Rac1 Ng6 27. Be3
Qd6 28. c4 Ne5 29. Qd4 Rae8 30. Bf4 b6 31. Rfe1 f6 32. c5 bxc5 33. Rxc5 g5 34.
Rxd5 Qc7 35. Rc5 Qb6 36. Bxe5 fxe5 37. Qe3 e4 38. Rxg5+ Kf7 39. Qf4+ Ke7 40.
Rxe4+ Kd7 41. Rd4+ Kc8 42. Qc1+ Kb8 43. Rd2 Qf6 44. Rb5+ Ka8 45. Rb1 Rc8 46. Qf1
Qc3 47. Re2 Qd3 48. Rd1 Qc3 49. g3 a5 50. a4 Rf3 51. Red2 Qa3 52. Qa6+ Kb8 53.
Qb6+ Ka8 54. Qxa5+ Kb7 55. Rd7+ Rc7 56. Qxc7+ Ka6 57. Qa7# 1-0

[Event "Move 1"]
[Site "http://www.queenalice.com/game.php?id=322805"]
[Date "2007.12.19"]
[Round "-"]
[White "toomlee"]
[Black "Tiagoviegas"]
[Result "0-1"]
[WhiteElo "1509"]
[BlackElo "1603"]

1. e4 e5 2. Nf3 Qf6 3. a3 d6 4. h3 c5 5. Nc3 Be6 6. Nb5 Qd8 7. b3 a6 8. Nc3 Nf6
9. d3 Qa5 10. Bd2 Nh5 11. Nd5 Qd8 12. Nc3 Qa5 13. b4 cxb4 14. axb4 Qxb4 15. Nd5
Qc5 16. Bb4 Qc8 17. Nb6 Qc6 18. Nxa8 b5 19. Nd2 g6 20. g4 Nf6 21. Rc1 Qxa8 22.
Be2 Nc6 23. Bc3 b4 24. Ba1 Bh6 25. Bb2 Bxd2+ 26. Qxd2 d5 27. Bf3 a5 28. g5 Nd7
29. exd5 Nd4 30. Bxd4 exd4 31. dxe6 Qxf3 32. exd7+ Kxd7 33. O-O Qf5 34. h4 Qg4+
35. Kh2 Qxh4+ 36. Kg2 Re8 37. Rce1 Rb8 38. Re2 Qg4+ 39. Kh1 Rb5 40. Re4 Qh5+ 41.
Kg1 Rxg5+ 42. Qxg5 Qxg5+ 43. Kh1 Qd5 44. Re1 f5 45. Kg1 fxe4 46. dxe4 Qg5+ 47.
Kf1 a4 48. e5 Ke6 49. f3 Qd2 50. Re2 Qc3 51. f4 Qc4 52. Kf2 a3 53. Kf3 a2 54.
Re1 Qc3+ 55. Kf2 Qxc2+ 56. Re2 Qb3 57. Re1 d3 58. Re3 a1=Q 59. Re1 Qd4+ 60. Kg3
d2+ 61. Re3 Qdxe3+ 62. Kg4 Qg3# 0-1

[Event "Challenge"]
[Site "http://www.queenalice.com/game.php?id=327387"]
[Date "2007.12.28"]
[Round "-"]
[White "Tiagoviegas"]
[Black "Mike36bh"]
[Result "0-1"]
[WhiteElo "1656"]
[BlackElo "1732"]

1. e4 e5 2. d4 exd4 3. Qxd4 Nc6 4. Qc3 d6 5. Bb5 Bd7 6. Bxc6 Bxc6 7. f3 a5 8.
Nh3 d5 9. Nd2 dxe4 10. fxe4 Qh4+ 11. Nf2 Qd8 12. Nc4 Bb4 13. O-O Bxc3 14. bxc3
Nf6 15. e5 Ne4 16. Nd3 O-O 17. Ba3 Re8 18. Nf4 Qg5 19. g3 b5 20. Ne3 Rxe5 21.
Rae1 Nxg3 22. Nh3 Qg6 23. Nf4 Qe4 24. Neg2 Qf5 25. hxg3 Rxe1 26. Nxe1 b4 27.
cxb4 axb4 28. Bc1 Rxa2 29. Nfd3 Qh3 30. Bf4 Qh1+ 31. Kf2 Qh2+ 32. Ke3 b3 33. Nb4
b2 34. Ned3 Ra3 35. Nxc6 Qxc2 36. Nb4 Rxd3+ 37. Nxd3 b1=Q 38. Rxb1 Qxb1 39. Bxc7
f5 40. Ne5 Qc1+ 0-1

[Event "cegonha85"]
[Site "http://www.queenalice.com/game.php?id=338055"]
[Date "2008.1.17"]
[Round "3"]
[White "Tiagoviegas"]
[Black "caraumar"]
[Result "0-1"]
[WhiteElo "1639"]
[BlackElo "1649"]

1. e4 e6 2. Nc3 d5 3. exd5 exd5 4. Qh5 Be6 5. Bd3 Nf6 6. Qe5 Bd6 7. Qg5 O-O 8.
Nf3 Nc6 9. O-O h6 10. Qe3 a6 11. b3 Re8 12. Qe1 Nb4 13. Nd4 Bg4 14. Nde2 d4 15.
a3 Nxd3 16. cxd3 dxc3 17. dxc3 Rxe2 18. Qd1 Ra2 19. f3 Rxa1 20. Qc2 Bxa3 21.
fxg4 Nxg4 22. Bf4 Rxf1+ 23. Kxf1 g5 24. Bg3 Ne3+ 0-1

[Event "Challenge"]
[Site "http://www.queenalice.com/game.php?id=353815"]
[Date "2008.2.13"]
[Round "-"]
[White "Tiagoviegas"]
[Black "omentus64"]
[Result "0-1"]
[WhiteElo "1615"]
[BlackElo "1637"]

1. e4 e6 2. d4 d5 3. Nc3 Bb4 4. exd5 Bxc3+ 5. bxc3 exd5 6. Qh5 Nf6 7. Qg5 O-O 8.
Bf4 c6 9. Be5 Be6 10. Bxf6 Qxf6 11. Qg3 Nd7 12. Bd3 Rfe8 13. Ne2 Bf5 14. Rb1 b6
15. Bxf5 Qxf5 16. Qd6 Re6 17. Qxd7 Rxe2+ 18. Kxe2 Qxd7 19. Rhd1 Qf5 20. Kf1 Qxc2
21. Rbc1 Qxa2 22. Rd3 Re8 23. g3 Qc4 24. Rd1 a5 25. Kg2 b5 26. R3d2 Qxc3 27. Rd3
Qc4 28. R3d2 Re2 29. Rxe2 Qxe2 30. Rc1 Qe8 31. Kg1 a4 32. Rxc6 Qxc6 33. f4 a3
34. h4 a2 35. h5 Qc2 36. g4 a1=R# 0-1

[Event "Challenge"]
[Site "http://www.queenalice.com/game.php?id=353822"]
[Date "2008.2.13"]
[Round "-"]
[White "Mike36bh"]
[Black "Tiagoviegas"]
[Result "1-0"]
[WhiteElo "1706"]
[BlackElo "1643"]

1. d4 d5 2. Nc3 Nf6 3. Bf4 e6 4. a3 Nc6 5. Nf3 Nh5 6. Be5 f6 7. Bg3 g5 8. h3 e5
9. Nb5 a6 10. Nc3 e4 11. Nd2 Nxd4 12. e3 Nf5 13. Qxh5+ Ke7 14. Bxc7 Qd7 15. Bb6
Qd6 16. Ba5 Qc6 17. Bb4+ Kd8 18. Bxf8 Rxf8 19. Qxh7 d4 20. exd4 Nxd4 21. O-O-O
Bf5 22. Qg7 Re8 23. g4 Bd7 24. Bg2 Rc8 25. Bxe4 Qb6 26. Nd5 Qc5 27. Qxf6+ Re7
28. Nc3 Bc6 29. Bxc6 Rxc6 30. Qh8+ Kd7 31. h4 Ne2+ 32. Kb1 Nxc3+ 33. Qxc3 Qxf2
34. Ne4+ Kc7 35. Nxf2 gxh4 36. Qb4 Rb6 37. Qxe7+ Kc6 38. Qe6+ Kb5 39. Rd5+ Kc4
40. Qe4# 1-0

[Event "Challenge"]
[Site "http://www.queenalice.com/game.php?id=358053"]
[Date "2008.2.20"]
[Round "-"]
[White "Mike36bh"]
[Black "Tiagoviegas"]
[Result "1-0"]
[WhiteElo "1767"]
[BlackElo "1613"]

1. d4 d5 2. Nc3 Bf5 3. Bf4 a6 4. h3 Nf6 5. Nf3 Nc6 6. a3 Nh5 7. Bh2 e6 8. e3 Bd6
9. Bxd6 Qxd6 10. Ne5 Nxe5 11. dxe5 Qxe5 12. Qxh5 d4 13. Ne2 dxe3 14. fxe3 Qxe3
15. Qf3 Qe5 16. O-O-O Be4 17. Qb3 O-O 18. Kb1 a5 19. Nc3 Bf5 20. Bd3 b5 21. Bxb5
Rab8 22. Qa4 Rb6 23. Rhe1 Qg3 24. Rg1 Qf2 25. g4 Bg6 26. h4 Qxh4 27. Bd3 f5 28.
Nb5 Be8 29. Qxa5 Qf2 30. gxf5 exf5 31. Nxc7 Bh5 32. Rgf1 Qd4 33. c3 Qd6 34. Bc4+
Bf7 35. Rxd6 Rxd6 36. Bxf7+ Rxf7 37. Nd5 Rfd7 38. Rxf5 Rd8 39. c4 Rc8 40. Ne7+
Kh8 41. Nxc8 Rf6 42. Qd8+ Rf8 43. Qxf8# 1-0

[Event "Challenge"]
[Site "http://www.queenalice.com/game.php?id=358054"]
[Date "2008.2.20"]
[Round "-"]
[White "Tiagoviegas"]
[Black "Mike36bh"]
[Result "0-1"]
[WhiteElo "1623"]
[BlackElo "1761"]

1. e4 e5 2. d4 Nc6 3. d5 Na5 4. Bd2 b6 5. Qh5 d6 6. Bg5 Nf6 7. Bxf6 Qxf6 8. b4
Nb7 9. Nc3 Bd7 10. Bb5 Bxb5 11. Nxb5 Qe7 12. Nf3 a6 13. Nc3 a5 14. Rb1 axb4 15.
Rxb4 Qf6 16. Nb5 Rb8 17. Nxc7+ Kd8 18. Na6 Ra8 19. Rxb6 Ra7 20. Ng5 g6 21. Qg4
h5 22. Qh4 Be7 23. Qg3 Qxg5 24. Qc3 Ke8 25. O-O Kf8 26. Qc8+ Kg7 27. Qd7 Rd8 28.
Qb5 Nc5 29. Re1 Nxa6 30. Rxa6 Rc7 31. c4 Qd2 32. Kf1 Bg5 33. Qb6 Qd3+ 34. Re2
Qxc4 35. g3 Rcd7 36. h4 Be7 37. Ke1 Qc1# 0-1

[Event "Challenge"]
[Site "http://www.queenalice.com/game.php?id=364013"]
[Date "2008.3.1"]
[Round "-"]
[White "Tiagoviegas"]
[Black "Mike36bh"]
[Result "0-1"]
[WhiteElo "1615"]
[BlackElo "1765"]

1. e4 e5 2. d4 exd4 3. Qxd4 Nc6 4. Qd1 h6 5. Bc4 Nf6 6. Nc3 Bb4 7. Nf3 Bxc3+ 8.
bxc3 d6 9. Bb5 Bd7 10. Bxc6 Bxc6 11. Qd3 d5 12. exd5 Bxd5 13. O-O O-O 14. Ba3
Re8 15. Nd4 b6 16. c4 Be4 17. Qh3 Qxd4 18. Qb3 c5 19. c3 Qe5 20. Qd1 Qxc3 21. f3
Qxa3 22. fxe4 Nxe4 23. Qd5 Qe3+ 24. Kh1 Nf2+ 25. Kg1 Nd3+ 26. Kh1 Rad8 27. Qh5
Qe5 28. Qxf7+ Kh8 29. Qxa7 Nf2+ 30. Kg1 Rf8 31. Rae1 Qd4 32. Re2 Nh3+ 33. Kh1
Rxf1# 0-1

[Event "Challenge"]
[Site "http://www.queenalice.com/game.php?id=364015"]
[Date "2008.3.1"]
[Round "-"]
[White "Mike36bh"]
[Black "Tiagoviegas"]
[Result "1-0"]
[WhiteElo "1715"]
[BlackElo "1684"]

1. d4 e6 2. e4 d5 3. e5 Nc6 4. Nf3 f6 5. exf6 Qxf6 6. Bb5 Bd7 7. Ne5 a6 8. Bxc6
Bxc6 9. Be3 Bd6 10. Ng4 Qf5 11. a3 h5 12. Ne5 Bxe5 13. dxe5 Qxe5 14. O-O Qxb2
15. Bd4 Qb5 16. Nc3 Qc4 17. Bxg7 Rh7 18. Be5 Rd7 19. Qxh5+ Rf7 20. Qg6 Ne7 21.
Qh5 d4 22. Ne4 Bxe4 23. Rac1 Bg6 24. Qd1 O-O-O 25. f4 Nf5 26. Rf3 Bh5 27. Qd3 b5
28. Qxc4 bxc4 29. Rf2 Rg8 30. h3 d3 31. cxd3 Ne3 32. g4 Bg6 33. dxc4 Bd3 34. Rf3
Nxc4 35. Rxd3 Nb6 36. Rdc3 Nd5 37. Rc6 Kb7 38. Kg2 Ka7 39. Kf3 Rc8 40. Ke4 Nb6
41. Rxe6 Rh7 42. Bd4 Rb8 43. Bxb6+ cxb6 44. Rh1 Rg8 45. g5 1-0